00802cam a2200217 a 450000100100000000500170001000800410002702000150006804000290008305000200011208200150013210000210014724501460016826000620031430000210037649000270039750400330042460000610045760000390051883000270055700001861720200929165830.0741010s1974 xxc b 001 0 fre d a0840502451 aDO-SdBNPbfrecLCdBNPHU00aPQ3919.B6bS235 ann*bN134m1 aNadeau, Vincent.10aMarie-Claire Blais: le noir et le tendre :betude d'une saison dans la vie d'Emmanuel. Suivie d'une bibliographie critique /cVincent Nadeau. aMontréal :bPresses de l'Universite de Montreal,c1974. a109 p. ;c19 cm.1 aLignes québécoises aBibliografía: p. [77]-104.10aBlais, Marie Claire.tUne saison dans la vie d'Emmanuel.10aBlais, Marie ClairexBibliography. 0aLignes québécoises